Vineyard shadows #12: a Martha's Vineyard mystery ... Read More
Available copies
- 1 of 1 copy available at LARL/NWRL Consortium.
- 1 of 1 copy available at Northwest Regional Library. (Show preferred library)
Current holds
0 current holds with 1 total copy.
Show Only Available Copies
| Location | Call Number / Copy Notes | Barcode | Shelving Location | Status | Due Date |
|---|---|---|---|---|---|
| Roseau Public Library | CRA (Text) | 35500003006879 | Main | Available | - |
Record details
- ISBN: 0684855453
- Physical Description: 253 p. : map ; 22 cm.
- Publisher: New York : Scribner, 2001.
Search for related items by subject
| Subject: | Jackson, Jeff (Fictitious character) > Fiction. Private investigators > Massachusetts > Martha's Vineyard > Fiction. Martha's Vineyard (Mass.) > Fiction. |
| Genre: | Mystery fiction. |
Search for related items by series
| LDR | 01148cam a22003018a 4500 | ||
|---|---|---|---|
| 001 | 34799 | ||
| 003 | LARL_NWRL_CONSORTIUM | ||
| 005 | 20001128165102.0 | ||
| 008 | 001109s2001 nyu 000 1 eng | ||
| 020 | . | ‡a0684855453 | |
| 035 | . | ‡a(OCoLC)45446296 | |
| 035 | 0 | 0. | ‡ilcmarc/AZG-5926/NWRLTECH |
| 043 | . | ‡an-us-ma | |
| 082 | 0 | 0. | ‡a813/.54 ‡221 |
| 092 | . | ‡aCRA | |
| 100 | 1 | . | ‡aCraig, Philip R., ‡d1933-2007. ‡0(LARL_NWRL_CONSORTIUM)97143 |
| 245 | 1 | 0. | ‡aVineyard shadows ‡n#12: ‡ba Martha's Vineyard mystery / ‡cPhilip R. Craig. |
| 260 | . | ‡aNew York : ‡bScribner, ‡c2001. | |
| 300 | . | ‡a253 p. : ‡bmap ; ‡c22 cm. | |
| 490 | 0 | . | ‡aMartha's Vineyard ; ‡v12 |
| 650 | 0. | ‡aJackson, Jeff (Fictitious character) ‡vFiction. ‡0(LARL_NWRL_CONSORTIUM)169722 | |
| 650 | 0. | ‡aPrivate investigators ‡zMassachusetts ‡zMartha's Vineyard ‡vFiction. ‡0(LARL_NWRL_CONSORTIUM)174430 | |
| 651 | 0. | ‡aMartha's Vineyard (Mass.) ‡vFiction. ‡0(LARL_NWRL_CONSORTIUM)166140 | |
| 655 | 7. | ‡aMystery fiction. ‡2gsafd | |
| 901 | . | ‡a34799 ‡bOCLC ‡c34799 ‡tbiblio | |

Add to basket
Permalink
Enable Highlighting